[Event "23rd ch-EUR Indiv w 2023"]
[Site "Petrovac MNE"]
[Date "2023.11.11"]
[Round "11.50"]
[White "Golsta, Ramona"]
[Black "Kobak, Polina"]
[Result "0-1"]
[WhiteElo "1760"]
[BlackElo "1815"]

1. d4 Nf6 2. c4 e6 3. Nc3 Bb4 4. f3 c5 5. d5 O-O 6. e4 b5 7. Bg5 h6 8. Bh4
Re8 9. d6 bxc4 10. Bxc4 Nc6 11. Ne2 Ne5 12. Bb3 c4 13. Bc2 Ba6 14. a3 Bc5
15. f4 Neg4 16. e5 Ne3 17. Qc1 Nxg2+ 18. Kd1 Nxh4 19. exf6 gxf6 20. f5 Nxf5
21. Bxf5 exf5 22. Qxh6 Qb6 23. Nd5 Qb3+ 24. Ke1 Rxe2+ 25. Kxe2 Qc2+ 26. Ke1
Bf2+ 0-1

[Event "23rd ch-EUR Indiv w 2023"]
[Site "Petrovac MNE"]
[Date "2023.11.11"]
[Round "11.52"]
[White "Kejzar, Petra"]
[Black "Humbatova, Nazli"]
[Result "1-0"]
[WhiteElo "2128"]
[BlackElo "1737"]

1. c4 e5 2. g3 Nf6 3. Bg2 d5 4. cxd5 Nxd5 5. Nc3 Nb6 6. Nf3 Nc6 7. O-O Be7
8. d3 O-O 9. a3 a5 10. Be3 Be6 11. Na4 Nd5 12. Bc5 f6 13. Rc1 Bf7 14. Bh3
Nb6 15. Bxe7 Qxe7 16. Nc5 Nd4 17. Bg2 c6 18. e3 Ne6 19. d4 Nxc5 20. dxc5
Nc4 21. Qe2 Qe6 22. Rfd1 a4 23. Bf1 Na5 24. Rd6 Qe7 25. Qc2 b5 26. Nd2 Rfd8
27. Bd3 Rxd6 28. cxd6 Qxd6 29. Bxh7+ Kh8 30. Bf5 Rd8 31. Ne4 Qd5 32. Nc3
Qb3 33. Qe2 Qc4 34. Rd1 Rxd1+ 35. Qxd1 Bg8 36. Qh5+ 1-0

[Event "23rd ch-EUR Indiv w 2023"]
[Site "Petrovac MNE"]
[Date "2023.11.11"]
[Round "11.53"]
[White "Slaba, Andrea"]
[Black "Aydin, Gulenay"]
[Result "0-1"]
[WhiteElo "2061"]
[BlackElo "2039"]

1. d4 Nf6 2. c4 g6 3. Nc3 Bg7 4. e4 d6 5. h3 Nbd7 6. Be3 e5 7. d5 Nc5 8. f3
h5 9. b4 Ncd7 10. h4 a5 11. a3 Bh6 12. Bxh6 Rxh6 13. Qd2 Rh8 14. Rb1 Kf8
15. Nh3 axb4 16. axb4 Kg7 17. Nf2 Ne8 18. Be2 Qe7 19. g3 Nb6 20. O-O Bd7
21. Ra1 Nf6 22. Qe3 Rhc8 23. c5 Na4 24. Nxa4 Bxa4 25. Nd3 Bb5 26. cxd6 cxd6
27. Nb2 Qd7 28. Rxa8 Rxa8 29. Nc4 Ra2 30. Rc1 Qh3 31. Qf2 Bxc4 32. Rxc4
Ra1+ 33. Bf1 Rxf1+ 34. Qxf1 Qxg3+ 35. Kh1 Qxh4+ 36. Kg2 Qg5+ 37. Kf2 h4 38.
Rc2 Nh5 39. Qh3 Nf4 40. Qg4 Qd8 41. Kg1 h3 42. Qc8 Qb6+ 43. Kh2 Qe3 44. Qc3
Nd3 45. Rd2 Qf4+ 46. Kg1 Qg3+ 47. Kh1 Nf2+ 0-1

[Event "23rd ch-EUR Indiv w 2023"]
[Site "Petrovac MNE"]
[Date "2023.11.11"]
[Round "11.54"]
[White "Karaivanova, Petya"]
[Black "Pavlidou, Ekaterini"]
[Result "1-0"]
[WhiteElo "1875"]
[BlackElo "2178"]

1. e4 c5 2. Nf3 Nc6 3. d4 cxd4 4. Nxd4 Nf6 5. Nc3 e6 6. Be3 Bb4 7. Bd3 d5
8. exd5 Nxd5 9. Nxc6 bxc6 10. O-O Nxc3 11. bxc3 Bxc3 12. Rb1 f5 13. Bc5 Qd5
14. Ba3 Kf7 15. Qe2 Rd8 16. Rfd1 Qa5 17. Qh5+ Kg8 18. Be7 g6 19. Qf3 Rd5
20. Bc4 Bd7 21. Rb7 Rxd1+ 22. Qxd1 Be8 23. Bxe6+ Kh8 24. f4 c5 25. Qd6 Bc6
26. Rb8+ 1-0

[Event "23rd ch-EUR Indiv w 2023"]
[Site "Petrovac MNE"]
[Date "2023.11.11"]
[Round "11.55"]
[White "Tsirulnik, Maritsa"]
[Black "Silva, Mariana Sofia T."]
[Result "0-1"]
[WhiteElo "2121"]
[BlackElo "1920"]

1. d4 d5 2. c4 e6 3. Nf3 Nf6 4. g3 dxc4 5. Bg2 Bd7 6. O-O Bc6 7. Qc2 b5 8.
a4 a6 9. axb5 axb5 10. Rxa8 Bxa8 11. Nc3 Bc6 12. e4 b4 13. d5 bxc3 14. dxc6
cxb2 15. Bxb2 Qd3 16. Qa4 Bc5 17. Qb5 Bb6 18. Qg5 Nxe4 19. Qxg7 Rf8 20. Ne5
Qe2 21. Nd7 Bxf2+ 22. Kh1 Nxg3+ 23. Qxg3 Bxg3 24. Nxf8 Qh5 0-1

[Event "23rd ch-EUR Indiv w 2023"]
[Site "Petrovac MNE"]
[Date "2023.11.11"]
[Round "11.56"]
[White "Hapala, Elisabeth"]
[Black "Kostina, Veronika"]
[Result "1/2-1/2"]
[WhiteElo "2072"]
[BlackElo "1855"]

1. e4 e6 2. d4 d5 3. Nd2 c5 4. exd5 Qxd5 5. Ngf3 cxd4 6. Bc4 Qd6 7. O-O Nf6
8. Nb3 Nc6 9. Nbxd4 Nxd4 10. Nxd4 a6 11. Re1 Bd7 12. c3 Qc7 13. Qe2 O-O-O
14. Bg5 Bd6 15. Nf3 Bc6 16. Ne5 Bxe5 17. Qxe5 Qxe5 18. Rxe5 h6 19. Bxf6
gxf6 20. Re3 Rd2 21. Re2 Rhd8 22. b4 Rxe2 23. Bxe2 Rd2 24. Bf1 Rc2 25. c4
Rb2 26. a3 Rb3 27. f3 Kc7 28. Kf2 e5 29. Be2 f5 30. Kg3 f6 31. Ra2 Kd6 32.
Kh4 Be8 33. Rd2+ Ke7 34. Rd3 Rb2 35. Bf1 Rb1 36. Be2 Rb2 37. Bf1 Rb1 38.
Be2 Rb2 39. Bf1 Rb1 40. Be2 Rb2 1/2-1/2

[Event "23rd ch-EUR Indiv w 2023"]
[Site "Petrovac MNE"]
[Date "2023.11.11"]
[Round "11.57"]
[White "Pirvulescu, Ekaterina"]
[Black "Bakalarz, Grazyna"]
[Result "1-0"]
[WhiteElo "2030"]
[BlackElo "1847"]

1. e4 c5 2. Nf3 Nc6 3. d4 cxd4 4. Nxd4 Nf6 5. Nc3 e5 6. Ndb5 d6 7. Bg5 a6
8. Na3 Be6 9. Nc4 Rc8 10. Bxf6 gxf6 11. Nd5 Bxd5 12. exd5 Ne7 13. Ne3 f5
14. g4 f4 15. Nf5 Nxf5 16. gxf5 Qb6 17. f6 Qb4+ 18. c3 Qe4+ 19. Kd2 Qxd5+
20. Bd3 h5 21. Qa4+ Qc6 22. Qxc6+ Rxc6 23. Be4 Rb6 24. Kc2 Rh6 25. a4 a5
26. Rad1 Rxf6 27. f3 Be7 28. Rhg1 Bd8 29. Rg8+ Ke7 30. Rh8 Rg6 31. Bxg6
fxg6 32. Rg8 1-0

[Event "23rd ch-EUR Indiv w 2023"]
[Site "Petrovac MNE"]
[Date "2023.11.11"]
[Round "11.58"]
[White "Popovic, Mateja"]
[Black "Mashchenko, Tamila"]
[Result "1-0"]
[WhiteElo "1832"]
[BlackElo "1956"]

1. d4 Nf6 2. Nf3 g6 3. c4 Bg7 4. g3 O-O 5. Bg2 d6 6. O-O Nbd7 7. Nc3 e5 8.
e4 exd4 9. Nxd4 c6 10. h3 Re8 11. Re1 a5 12. Qc2 Nc5 13. Be3 Nfd7 14. Rad1
a4 15. b4 axb3 16. axb3 Qb6 17. Rb1 Qb4 18. Na2 Qa3 19. Nc3 Qb4 20. Na2 Qa5
21. Nc3 Qb4 22. Na2 Qa3 23. Nc3 Na6 24. Na4 d5 25. cxd5 cxd5 26. exd5 Qb4
27. Qc4 Ne5 28. Qxb4 Nxb4 29. Nb5 Bf5 30. Nc7 Bxb1 31. Nxe8 Rxe8 32. Rxb1
Nc2 33. Bc5 b5 34. Nb6 Nd3 35. b4 Na3 36. Rb3 Nxc5 37. bxc5 Nc4 38. Rxb5
1-0

[Event "23rd ch-EUR Indiv w 2023"]
[Site "Petrovac MNE"]
[Date "2023.11.11"]
[Round "11.59"]
[White "Makka, Ioulia"]
[Black "Silva, Ana Ines Teixeira Da"]
[Result "1/2-1/2"]
[WhiteElo "1949"]
[BlackElo "1792"]

1. e4 e5 2. Nf3 Nc6 3. Bb5 a6 4. Ba4 Nf6 5. d3 b5 6. Bb3 Bc5 7. O-O d6 8.
h3 h6 9. a3 O-O 10. Nc3 Rb8 11. Nd5 Nxd5 12. Bxd5 Ne7 13. Ba2 Bb7 14. c3
Bb6 15. b4 Ng6 16. Re1 Qe7 17. Nh2 Nf4 18. Qf3 Ne6 19. Qg4 Qf6 20. Qg3 Rbe8
21. Be3 Bxe3 22. fxe3 Qg5 23. Qxg5 Nxg5 24. Rf1 c5 25. h4 Nh7 26. g4 Rc8
27. c4 Rc7 28. Rab1 Bc6 29. Rfc1 Bd7 30. bxc5 dxc5 31. Nf3 Re8 32. cxb5
axb5 33. g5 hxg5 34. hxg5 g6 35. Kf2 Kg7 36. Rc3 f6 37. gxf6+ Nxf6 38. Bd5
Nxd5 39. exd5 e4 40. dxe4 Rxe4 41. Nd2 Rh4 42. Nb3 c4 43. Nd4 Rc5 44. Nf3
Re4 45. Rd1 Kf6 46. Nd2 Rh4 47. e4 Rh2+ 48. Kg1 Re2 49. Kf1 Rh2 50. e5+ Ke7
51. Nf3 Rh1+ 52. Ng1 Bf5 53. Rd4 g5 54. Kf2 Rh4 55. d6+ Kd7 56. Rxh4 gxh4
57. Nf3 Bg4 58. Nxh4 Rxe5 59. a4 Kxd6 60. axb5 Kc5 61. b6 Bc8 62. Nf3 Rf5
63. Ke3 Ba6 64. Nd2 Kxb6 65. Nxc4+ Bxc4 1/2-1/2

[Event "23rd ch-EUR Indiv w 2023"]
[Site "Petrovac MNE"]
[Date "2023.11.11"]
[Round "11.60"]
[White "Huseynova, Lala"]
[Black "Manova, Ivana"]
[Result "0-1"]
[WhiteElo "1694"]
[BlackElo "1923"]

1. e4 e5 2. Nf3 Nc6 3. Bb5 a6 4. Ba4 Nf6 5. O-O Be7 6. Re1 b5 7. Bb3 d6 8.
h3 Na5 9. c3 Nxb3 10. axb3 Bb7 11. d3 O-O 12. Nbd2 Re8 13. Nf1 Bf8 14. Ng3
g6 15. Be3 h6 16. Qd2 Kh7 17. Nh2 d5 18. exd5 Qxd5 19. f3 Qxb3 20. Ne4 Nxe4
21. fxe4 f5 22. Rf1 f4 23. Bf2 Rad8 24. Qe2 c5 25. Ng4 Qe6 26. c4 Rd7 27.
Rad1 h5 28. Nh2 Be7 29. Nf3 Kh6 30. g3 g5 31. gxf4 exf4 32. cxb5 axb5 33.
h4 Rg8 34. hxg5+ Bxg5 35. Kh2 Rdg7 36. Bh4 Bf6 37. Rf2 Bc8 38. Qf1 Rg4 39.
Bxf6 Qxf6 40. Kh1 Rg3 41. Nh2 Bh3 42. Qe1 Bg2+ 43. Rxg2 Rxg2 44. Nf3 Qxb2
45. Qf1 R8g3 46. Nd2 Rg1+ 47. Qxg1 Rxg1+ 48. Kxg1 Qc2 49. Ra1 Qxd2 0-1

[Event "23rd ch-EUR Indiv w 2023"]
[Site "Petrovac MNE"]
[Date "2023.11.11"]
[Round "11.61"]
[White "Gamal, Alaa"]
[Black "Maione, Melissa"]
[Result "1/2-1/2"]
[WhiteElo "1748"]
[BlackElo "2028"]

1. d4 Nf6 2. c4 g6 3. h4 h5 4. Nc3 d5 5. Bg5 dxc4 6. e4 Nc6 7. e5 Ng4 8.
Nf3 Bg7 9. Bxc4 O-O 10. a3 Bf5 11. O-O Qd7 12. b4 Rad8 13. Qb3 Nxd4 14.
Nxd4 Qxd4 15. Nd5 Qxe5 16. Bf4 Qb2 17. Nxe7+ Kh7 18. Qg3 Bd4 19. Rae1 Rde8
20. Re2 Bxf2+ 21. Qxf2 Qxa3 22. Qc5 b6 23. Qb5 a6 24. Qxa6 Qxb4 25. Qb5 Qc3
26. Nxf5 c6 27. Qb2 Qxb2 28. Rxb2 b5 29. Bxb5 cxb5 30. Nd6 Re6 31. Rxb5 Kg7
32. Rb7 Kg8 33. Bg3 f5 34. Re1 Rff6 35. Rb8+ Kh7 36. Rb7+ Kg8 37. Ra1 f4
38. Ra8+ Rf8 39. Raa7 Rff6 40. Rb8+ Rf8 41. Rbb7 Rff6 42. Rg7+ Kf8 43. Rgd7
Kg8 44. Ra8+ Rf8 45. Rxf8+ Kxf8 46. Bf2 Re2 47. Rf7+ Kg8 48. Rxf4 Rd2 49.
Rd4 Ra2 50. Be1 Re2 51. Kf1 Ra2 52. Bd2 Ra1+ 53. Ke2 Rg1 54. Rxg4 hxg4 55.
Kf2 Rd1 56. Bf4 Rd3 57. Ne4 Kf7 58. Ng5+ Kf6 59. g3 Kf5 60. Ke2 Rb3 61. Nf7
Rf3 62. Nh6+ Ke4 63. Nxg4 Rxf4 64. Nf2+ Kf5 65. gxf4 Kxf4 66. Kd3 Kg3 67.
Ke4 1/2-1/2

[Event "23rd ch-EUR Indiv w 2023"]
[Site "Petrovac MNE"]
[Date "2023.11.11"]
[Round "11.62"]
[White "Bluebaum, Johanna"]
[Black "Zhezhovska, Monika"]
[Result "1-0"]
[WhiteElo "1954"]
[BlackElo "1761"]

1. d4 d5 2. c4 e6 3. Nc3 Be7 4. Nf3 Nf6 5. Bf4 O-O 6. e3 a6 7. cxd5 exd5 8.
Bd3 Nbd7 9. O-O Re8 10. Rc1 Nf8 11. Qb3 c6 12. h3 Ng6 13. Bh2 Bd6 14. Bxd6
Qxd6 15. Na4 Ne4 16. Nb6 Rb8 17. Nxc8 Rexc8 18. Bxe4 dxe4 19. Nd2 Re8 20.
Rc5 b6 21. Rc2 Re6 22. Rfc1 Qd7 23. Qc4 a5 24. Qe2 Qd5 25. b3 Ne7 26. Nc4
c5 27. dxc5 Qxc5 28. Rd1 Rg6 29. Rcd2 h6 30. Rd6 Qg5 31. Rxg6 Nxg6 32. Qg4
Rd8 33. Rxd8+ Qxd8 34. Qxe4 b5 35. Nb2 Qd2 36. Nd3 Qxa2 37. Qe8+ Kh7 38.
Qxb5 Qa1+ 39. Kh2 Qc3 40. Qd5 Qd2 41. Qe4 Kg8 42. g3 Qc2 43. Qd5 a4 44.
bxa4 Qxa4 45. h4 Qg4 46. h5 Nf8 47. Qxf7+ Kh7 48. Nf4 Qc8 49. Ng6 Nxg6 50.
hxg6+ Kh8 51. e4 1-0

[Event "23rd ch-EUR Indiv w 2023"]
[Site "Petrovac MNE"]
[Date "2023.11.11"]
[Round "11.63"]
[White "Bassari, Senem Gul"]
[Black "Ivanovic, Tara"]
[Result "0-1"]
[WhiteElo "1524"]
[BlackElo "1472"]

1. e4 e5 2. Nf3 Nc6 3. Bb5 a6 4. Ba4 Nf6 5. O-O Be7 6. Re1 b5 7. Bb3 d6 8.
c3 O-O 9. h3 Nb8 10. d4 Nbd7 11. Nbd2 Bb7 12. Bc2 Re8 13. Nf1 Bf8 14. Ng3
g6 15. b3 Bg7 16. d5 Rc8 17. Bg5 h6 18. Bd2 c6 19. c4 Nb6 20. Ba5 cxd5 21.
cxd5 Nfd7 22. a4 Qe7 23. axb5 axb5 24. Bd3 Na8 25. Bxb5 Nc7 26. Bc6 Bxc6
27. dxc6 Nf6 28. b4 Nb5 29. Qd3 Rb8 30. Ne2 d5 31. Nd2 d4 32. Rec1 Rec8 33.
Rc5 Nc7 34. Bxc7 Rxc7 35. Qc4 Bf8 36. Rc1 Rxb4 37. Qa2 Ra7 38. Qc2 Qxc5 39.
Qxc5 Bxc5 40. Rxc5 Rc7 41. f4 Rb2 42. fxe5 Rxd2 43. Nf4 Rd1+ 44. Kh2 Nxe4
45. Rc4 Nc3 46. e6 g5 47. e7 Rxe7 48. Nh5 Nd5 49. Rc5 Nc7 50. Ng3 f6 51.
Nf5 Re5 52. Nxh6+ Kh7 53. Rc4 Kxh6 54. Rb4 Rc5 0-1

[Event "23rd ch-EUR Indiv w 2023"]
[Site "Petrovac MNE"]
[Date "2023.11.11"]
[Round "11.64"]
[White "Saraci, Rinesa"]
[Black "Recica, Jona"]
[Result "1/2-1/2"]
[WhiteElo "1503"]
[BlackElo "1231"]

1. d4 d5 2. Bf4 Nf6 3. e3 c5 4. c3 Nc6 5. Nd2 Bf5 6. Qb3 Qc8 7. c4 Na5 8.
Qb5+ Nc6 9. Qb3 Na5 10. Qb5+ Nc6 11. Qb3 Na5 1/2-1/2

[Event "23rd ch-EUR Indiv w 2023"]
[Site "Petrovac MNE"]
[Date "2023.11.11"]
[Round "11.65"]
[White "Petrovska, Katerina"]
[Black "Maras, Marija Mia"]
[Result "1-0"]
[WhiteElo "1907"]
[BlackElo "1051"]

1. e4 c5 2. Nc3 Nc6 3. Bb5 a6 4. Bxc6 bxc6 5. d3 g6 6. Nge2 Bg7 7. Be3 d6
8. O-O Nf6 9. h3 h5 10. f4 e6 11. Qe1 O-O 12. Qg3 Ne8 13. Rf3 Nc7 14. Raf1
Qf6 15. e5 Qd8 16. exd6 Qxd6 17. Ne4 Qd8 18. Bxc5 h4 19. Qg5 Re8 20. Qxd8
Rxd8 21. Be7 Bd4+ 22. Nxd4 Rxd4 23. Bxh4 Bb7 24. Nc5 Rb4 25. Nxb7 Rxb7 26.
b3 a5 27. a4 Ne8 28. Re1 Nd6 29. Re5 Rd7 30. Be1 Nb7 31. g4 Rd5 32. Rfe3
Nc5 33. f5 exf5 34. gxf5 gxf5 35. Rxd5 cxd5 36. Re5 Rd8 37. Bxa5 Ra8 38.
Bd2 Rd8 39. a5 Rd6 40. Rxf5 Kf8 41. b4 Nb7 42. Bf4 Rd7 43. Rf6 Nd8 44. Rb6
Ne6 45. Be5 Ke7 46. a6 Kd8 47. Rb8+ Ke7 48. Rb7 Ke8 49. Rxd7 Kxd7 50. a7
1-0